000 00588nam a2200241 a 4500
001 0001-1050
003 ELIB.Books
008 141126 2010 eng
020 _aKBTS
035 _a(ELIB.Books)0001-1205
092 _a296.07
_bDeY
100 _aDeYoung, Jimmy
245 _aSound the Trumpets!
260 _aChattanooga:
_bProphecy Today
_c2000
300 _a217
_c21.5 Cm
500 _aLibrary
650 _aJewish History
856 _nKBTS; Library
_uKBTS; Elib.
942 _2ddc
_cBK
990 _a1
998 _cbat
_e2014-11-26
999 _c11050
_d11050